| 000 | 00425nam a2200181Ia 4500 | ||
|---|---|---|---|
| 001 | 5195 | ||
| 005 | 20260306145850.0 | ||
| 008 | 260306t2007||||xx |||||||||||||| ||spa|| | ||
| 041 | _aESP | ||
| 082 |
_a337.8 _bO57 2007 |
||
| 100 |
_aOppenheimer, Andrés _eAUT |
||
| 245 | 0 | _aCuentos chinos texto impreso | |
| 260 | _c2007 | ||
| 300 |
_a448 páginas : _ccm. |
||
| 650 | _aGEN | ||
| 654 | _aCAN | ||
| 942 |
_cLIB _dJUS _fJUS _2ddc _n |
||
| 999 |
_c5195 _d5195 |
||